[Event "GER-chA Seniors 27th"]
[Site "Magdeburg"]
[Date "2015.08.23"]
[Round "9"]
[White "Rackowiak, Hans"]
[Black "Khodjabagyan, Seyran"]
[Result "1/2-1/2"]
[WhiteElo "1966"]
[BlackElo "2127"]
[PlyCount "27"]
[EventDate "2015.08.15"]
[EventType "swiss"]
[EventRounds "9"]
[EventCountry "GER"]
[SourceTitle "EXT 2018"]
[Source "ChessBase"]
[SourceDate "2017.10.13"]
[SourceVersion "1"]
[SourceVersionDate "2017.10.13"]
[SourceQuality "1"]

1. d4 Nf6 2. Bf4 g6 3. e3 Bg7 4. Nd2 c5 5. c3 0-0 6. Ngf3 Qb6 7. Qb3 d5 8. Qxb6 axb6 9. Bc7 Nfd7 10. Be2 Re8 11. Bb5 Nc6 12. dxc5 bxc5 13. 0-0 Na7 14. a4 1/2-1/2

[Event "Hessen-ch Seniors op 10th"]
[Site "Bad Sooden-Allendorf"]
[Date "2014.05.03"]
[Round "8"]
[White "Khodjabagyan, Seyran"]
[Black "Bondick, Karl Heinz"]
[Result "0-1"]
[WhiteElo "2162"]
[BlackElo "2093"]
[PlyCount "44"]
[EventDate "2014.04.26"]
[EventType "swiss"]
[EventRounds "9"]
[EventCountry "GER"]
[SourceTitle "EXT 2018"]
[Source "ChessBase"]
[SourceDate "2017.10.13"]
[SourceVersion "1"]
[SourceVersionDate "2017.10.13"]
[SourceQuality "1"]

1. e4 e5 2. Nf3 f5 3. Nxe5 Nc6 4. Qh5+ g6 5. Nxg6 Nf6 6. Qh4 Rg8 7. Nxf8 Rg4 8. Qh6 Rxe4+ 9. Kd1 Ng4 10. Qh5+ Kxf8 11. Qxf5+ Kg7 12. d3 d5 13. Qg5+ Qxg5 14. Bxg5 Nxf2+ 15. Kd2 Rg4 16. Be3 Nxh1 17. g3 Nxg3 18. hxg3 Rxg3 19. Na3 Bg4 20. Bf4 Rg1 21. Bxc7 Rf8 22. Be2 Rg2 0-1

[Event "SH-ch Seniors op"]
[Site "Eckernfoerde"]
[Date "2012.10.03"]
[Round "5.4"]
[White "Khodjabagyan, Seyran"]
[Black "Niebuhr, Gerd"]
[Result "1-0"]
[WhiteElo "2175"]
[BlackElo "2071"]
[PlyCount "61"]
[EventDate "2012.09.29"]
[EventType "swiss"]
[EventRounds "7"]
[EventCountry "GER"]
[SourceTitle "EXT 2022"]
[Source "ChessBase"]
[SourceDate "2021.10.06"]
[SourceVersion "1"]
[SourceVersionDate "2021.10.06"]
[SourceQuality "1"]

1. e4 e5 2. Nf3 Nc6 3. Bb5 a6 4. Ba4 d6 5. d4 b5 6. Bb3 Nxd4 7. Nxd4 exd4 8. Bd5 Rb8 9. Bc6+ Bd7 10. Bxd7+ Qxd7 11. Qxd4 Nf6 12. 0-0 Be7 13. a4 0-0 14. axb5 axb5 15. Nc3 c5 16. Qd3 Qe6 17. Bf4 Nh5 18. Nd5 Nxf4 19. Nxf4 Qc4 20. Nd5 Bd8 21. Qxc4 bxc4 22. Rfb1 f5 23. exf5 Rxf5 24. Ne3 Rf4 25. g3 Re4 26. Ra4 Rb4 27. Ra8 Re8 28. c3 Rb7 29. Nxc4 Rd7 30. Rd1 d5 31. Nb6 1-0

[Event "Niedersachsen-ch Seniors op 14th"]
[Site "Bad Bevensen"]
[Date "2011.07.09"]
[Round "5"]
[White "Khodjabagyan, Seyran"]
[Black "Francke, Joerg"]
[Result "1-0"]
[WhiteElo "2038"]
[BlackElo "1846"]
[PlyCount "75"]
[EventDate "2011.07.05"]
[EventType "swiss"]
[EventRounds "9"]
[EventCountry "GER"]
[SourceTitle "EXT 2012"]
[Source "ChessBase"]
[SourceDate "2011.11.24"]
[SourceVersion "1"]
[SourceVersionDate "2011.11.24"]
[SourceQuality "1"]

1. e4 e5 2. Nf3 Nf6 3. d4 Nxe4 4. Bd3 d5 5. Nxe5 Nd7 6. 0-0 Nxe5 7. dxe5 Nc5 8. Be2 Bf5 9. Nd2 c6 10. Nf3 Ne6 11. Be3 Be7 12. c4 Be4 13. Nd2 Qc7 14. f4 Bc5 15. Bxc5 Nxc5 16. b4 Ne6 17. f5 Nf8 18. Nxe4 dxe4 19. Qd4 Rd8 20. Qxe4 Nd7 21. e6 Nf6 22. exf7+ Kxf7 23. Qh4 Rhf8 24. c5 Kg8 25. Rad1 Kh8 26. Bc4 Qe5 27. Be6 a5 28. h3 Qc3 29. Rd6 axb4 30. Qc4 Qe3+ 31. Kh2 Ne4 32. Rxd8 Rxd8 33. Rf3 Qe1 34. Rd3 Rf8 35. Qd4 Nf6 36. Qd6 Re8 37. Bf7 Re2 38. Qf8+ 1-0

[Event "Niedersachsen-ch Seniors op 14th"]
[Site "Bad Bevensen"]
[Date "2011.07.08"]
[Round "4"]
[White "Lehmensick, Jochen"]
[Black "Khodjabagyan, Seyran"]
[Result "1-0"]
[WhiteElo "2090"]
[BlackElo "2038"]
[PlyCount "63"]
[EventDate "2011.07.05"]
[EventType "swiss"]
[EventRounds "9"]
[EventCountry "GER"]
[SourceTitle "EXT 2012"]
[Source "ChessBase"]
[SourceDate "2011.11.24"]
[SourceVersion "1"]
[SourceVersionDate "2011.11.24"]
[SourceQuality "1"]

1. d4 Nf6 2. c4 g6 3. Nc3 d5 4. cxd5 Nxd5 5. Bd2 Bg7 6. e4 Nxc3 7. Bxc3 0-0 8. Bc4 c5 9. d5 Bxc3+ 10. bxc3 Qa5 11. Ne2 b5 12. Bb3 Nd7 13. 0-0 Rd8 14. a4 b4 15. c4 Nf6 16. Ng3 h5 17. e5 Ng4 18. Qe2 h4 19. h3 Nh6 20. Qd2 Kg7 21. Nh5+ Kh7 22. Qg5 Nf5 23. Bc2 Qc7 24. Rfe1 Rh8 25. Nf4 Rg8 26. d6 exd6 27. Bxf5 Bxf5 28. Qxh4+ Kg7 29. Qf6+ Kh7 30. exd6 Qd8 31. Re7 Rg7 32. Rxf7 1-0

[Event "Niedersachsen-ch Seniors op 14th"]
[Site "Bad Bevensen"]
[Date "2011.07.07"]
[Round "3"]
[White "Khodjabagyan, Seyran"]
[Black "Matrisch, Gerd"]
[Result "1-0"]
[WhiteElo "2038"]
[BlackElo "1774"]
[PlyCount "39"]
[EventDate "2011.07.05"]
[EventType "swiss"]
[EventRounds "9"]
[EventCountry "GER"]
[SourceTitle "EXT 2012"]
[Source "ChessBase"]
[SourceDate "2011.11.24"]
[SourceVersion "1"]
[SourceVersionDate "2011.11.24"]
[SourceQuality "1"]

1. e4 Nf6 2. e5 Nd5 3. c4 Nb6 4. d4 Nc6 5. f4 d6 6. d5 Nb8 7. Bd3 dxe5 8. fxe5 e6 9. Be3 exd5 10. c5 N6d7 11. e6 Nxc5 12. exf7+ Kxf7 13. Nf3 Nxd3+ 14. Qxd3 Bb4+ 15. Nc3 Re8 16. 0-0 Kg8 17. Ng5 g6 18. Nf7 Rxe3 19. Qxe3 d4 20. Qe5 1-0

[Event "GER-ch Seniors 22nd"]
[Site "Berlin"]
[Date "2010.08.20"]
[Round "5"]
[White "Nietsch, Horst"]
[Black "Khodjabagyan, Seyran"]
[Result "1/2-1/2"]
[WhiteElo "1837"]
[BlackElo "2029"]
[PlyCount "83"]
[EventDate "2010.08.16"]
[EventType "swiss"]
[EventRounds "9"]
[EventCountry "GER"]
[SourceTitle "CBM 138 Extra"]
[Source "ChessBase"]
[SourceDate "2010.10.29"]
[SourceVersion "1"]
[SourceVersionDate "2010.10.29"]
[SourceQuality "1"]

1. e4 Nf6 2. e5 Nd5 3. d4 d6 4. Nf3 Bg4 5. Be2 e6 6. 0-0 Be7 7. c4 Nb6 8. exd6 cxd6 9. Nc3 0-0 10. Be3 Nc6 11. b3 d5 12. c5 Nd7 13. h3 Bh5 14. Nh2 Bg6 15. a3 e5 16. dxe5 d4 17. Bxd4 Nxd4 18. Qxd4 Bxc5 19. Qd5 Qc7 20. Nb5 Qxe5 21. Qxe5 Nxe5 22. b4 Bb6 23. Rad1 Rfd8 24. Nd6 Rd7 25. Nc4 Rxd1 26. Rxd1 Nxc4 27. Bxc4 Rc8 28. Bd5 Rc2 29. Ng4 Bh5 30. Re1 Kf8 31. Ne3 Rc7 32. g4 Bg6 33. Rd1 h5 34. Kg2 Rd7 35. Bf3 Rxd1 36. Nxd1 hxg4 37. hxg4 Bd4 38. Bxb7 Bc2 39. Bf3 Ke7 40. Ne3 Bd3 41. Nf5+ Bxf5 42. gxf5 1/2-1/2

[Event "GER-ch Seniors 22nd"]
[Site "Berlin"]
[Date "2010.08.17"]
[Round "2"]
[White "Juergens, Peter1111"]
[Black "Khodjabagyan, Seyran"]
[Result "1/2-1/2"]
[WhiteElo "1837"]
[BlackElo "2029"]
[PlyCount "41"]
[EventDate "2010.08.16"]
[EventType "swiss"]
[EventRounds "9"]
[EventCountry "GER"]
[SourceTitle "CBM 138 Extra"]
[Source "ChessBase"]
[SourceDate "2010.10.29"]
[SourceVersion "1"]
[SourceVersionDate "2010.10.29"]
[SourceQuality "1"]

1. d4 Nf6 2. Bf4 g6 3. e3 Bg7 4. Nf3 0-0 5. Be2 c5 6. c3 d6 7. 0-0 Qb6 8. Nbd2 Bf5 9. Nc4 Qc6 10. a4 Nbd7 11. Qb3 Nb6 12. Na5 Qc8 13. dxc5 Qxc5 14. Qb5 Qc7 15. Nc4 Bd7 16. Qa5 Nfd5 17. Bg3 Be6 18. Na3 Rfc8 19. Rac1 f5 20. Rfd1 a6 21. Ng5 1/2-1/2

[Event "GER-ch Seniors 22nd"]
[Site "Berlin"]
[Date "2010.08.16"]
[Round "1"]
[White "Khodjabagyan, Seyran"]
[Black "Rehder, Frank"]
[Result "1-0"]
[WhiteElo "2029"]
[BlackElo "1694"]
[PlyCount "51"]
[EventDate "2010.08.16"]
[EventType "swiss"]
[EventRounds "9"]
[EventCountry "GER"]
[SourceTitle "CBM 138 Extra"]
[Source "ChessBase"]
[SourceDate "2010.10.29"]
[SourceVersion "1"]
[SourceVersionDate "2010.10.29"]
[SourceQuality "1"]

1. e4 c5 2. Nf3 e6 3. c3 d5 4. exd5 Qxd5 5. d4 Nf6 6. Bd3 cxd4 7. cxd4 Nc6 8. Nc3 Qd8 9. 0-0 Be7 10. Bf4 0-0 11. Rc1 a6 12. Re1 Nb4 13. Bb1 b5 14. Ne4 Nbd5 15. Be5 Nxe4 16. Bxe4 Ra7 17. Nd2 Rd7 18. Nb3 f6 19. Qh5 g6 20. Bxg6 hxg6 21. Qxg6+ Kh8 22. Re4 fxe5 23. Qh6+ Kg8 24. Rg4+ Bg5 25. Rxg5+ Kf7 26. Qh5+ 1-0

[Event "GER-chT Seniors 18th"]
[Site "Finsterbergen"]
[Date "2009.09.17"]
[Round "6"]
[White "Khodjabagyan, Seyran"]
[Black "Schmidt, Lothar"]
[Result "1/2-1/2"]
[WhiteElo "2021"]
[BlackElo "2087"]
[PlyCount "48"]
[EventDate "2009.09.12"]
[EventType "team-swiss"]
[EventRounds "7"]
[EventCountry "GER"]
[SourceTitle "CBM 132 Extra"]
[Source "ChessBase"]
[SourceDate "2009.11.03"]
[SourceVersion "1"]
[SourceVersionDate "2009.11.03"]
[SourceQuality "1"]

1. e4 g6 2. d4 Bg7 3. Nf3 d6 4. Bc4 e6 5. 0-0 Ne7 6. Bg5 h6 7. Be3 Nd7 8. Re1 a6 9. Qd2 b6 10. Nc3 Bb7 11. Rad1 g5 12. h3 Ng6 13. Nh2 Qe7 14. a4 0-0 15. f4 gxf4 16. Bxf4 Nxf4 17. Qxf4 e5 18. dxe5 Qxe5 19. Qe3 Rfe8 20. Ng4 Qc5 21. Qxc5 Nxc5 22. Nd5 Bxd5 23. Bxd5 Rad8 24. b4 Ne6 1/2-1/2

[Event "GER-chT Seniors 18th"]
[Site "Finsterbergen"]
[Date "2009.09.14"]
[Round "3"]
[White "Lehmann, Erwin"]
[Black "Khodjabagyan, Seyran"]
[Result "0-1"]
[WhiteElo "1916"]
[BlackElo "2021"]
[PlyCount "76"]
[EventDate "2009.09.12"]
[EventType "team-swiss"]
[EventRounds "7"]
[EventCountry "GER"]
[SourceTitle "CBM 132 Extra"]
[Source "ChessBase"]
[SourceDate "2009.11.03"]
[SourceVersion "1"]
[SourceVersionDate "2009.11.03"]
[SourceQuality "1"]

1. c4 Nf6 2. g3 g6 3. Bg2 Bg7 4. Nc3 0-0 5. e4 c5 6. Nge2 Nc6 7. d3 d6 8. 0-0 a6 9. Rb1 Rb8 10. a4 Bg4 11. h3 Bd7 12. Be3 e5 13. Qd2 Nd4 14. b4 Bxh3 15. Bh6 Qd7 16. Bxg7 Kxg7 17. b5 h5 18. Nxd4 cxd4 19. Ne2 h4 20. f4 Bxg2 21. Kxg2 Ng4 22. f5 Ne3+ 23. Kh3 Nxf1 24. Rxf1 axb5 25. axb5 hxg3 26. Nxg3 Rh8+ 27. Kg2 f6 28. Ra1 g5 29. Ra7 Kf8 30. Qb4 Ke7 31. b6 Rhc8 32. Nh5 Rc6 33. Ng7 Qd8 34. c5 dxc5 35. Qa3 Qxb6 36. Kg3 Qb4 37. Qa2 c4 38. Kg4 Qb3 0-1